Research matters

Bibliographic Details
Main Authors: Hamp-Lyons, Liz (Author), Courter, Keren Berry (Author)
Format: Book
Language:English
Published: Boston, Massachusettes : Heinle Publ. 1984
Subjects:

MARC

LEADER 00000cam a2200000 7i4500
001 0000001445
005 20240924.0
008 991126 mau a eng
020 |a 0838430864 (pbk) 
040 |a INS   |b eng   |e rda 
090 0 0 |a PE1128   |b .H255 1984 
100 1 |a Hamp-Lyons, Liz ,   |e author 
245 1 0 |a Research matters   |c Liz Hamp-Lyons, Keren Berry Courter 
264 1 |a Boston, Massachusettes :   |b Heinle Publ.   |c 1984 
264 4 |c ©1984 
300 |a xii, 225 pages :   |b illustrations ;   |c 23 cm. 
336 |a text  |2 rdacontent 
337 |a unmediated  |2 rdamedia 
338 |a volume  |2 rdacarrier 
500 |a Includes index 
650 0 |a Research   |x Methodology 
700 1 |a Courter, Keren Berry ,   |e author 
999 |a 0000004869   |b BOOK   |c Open Shelf   |e Default branch